| 000 | 00835nam a2200217 i 4500 | ||
|---|---|---|---|
| 001 | 22701 | ||
| 003 | ES-MaACL | ||
| 005 | 20230906152737.0 | ||
| 007 | t| | ||
| 008 | 021204s1973 sp ||||1| spa d | ||
| 111 | 2 |
_aCongreso Iberoamericano de Urología ( _n2º. _d1973. _cSan Sebastián) _9396 |
|
| 245 | 1 | 0 |
_aII Congreso Iberoamericano de Urología _b: San Sebastián, junio 1973. |
| 260 |
_a[Zaragoza : _bAsociación Española de Urología, _c1973] |
||
| 300 |
_a228 p. : _bil. ; _c27 cm. |
||
| 490 | 1 |
_aActas de la Asociación Española de Urología ; _vt. V. n. 1 |
|
| 650 | 1 | 4 |
_aUrología- _vCongresos y asambleas. _917716 |
| 710 | 0 | 0 |
_aAsociación Española de Urología. _91684 |
| 830 | 0 |
_aActas de la Asociación Española de Urología ; _vt. V. n. 1 _9180807 |
|
| 852 |
_aES-MaACL _jP-1494 bis |
||
| 999 |
_c22701 _d22701 |
||